000 00529nmm a2200169Ia 4500
008 251105s9999||||xx |||||||||||||||||und||
020 _a9788481693607
041 _aspa
100 _aTorres Queiruga, Andrés
245 0 _aDel Terror de Isaac al Abbá de Jesús :
_b Hacia una nueva imagen de dios
264 _a[Madrid, España] :
_bEditorial Verbo Divino,
_c1999
300 _a302 páginas
490 _aNuevos desafíos
650 _aReligion(s)
856 _uhttps://public.digitaliapublishing.com/a/13399
942 _cCF
999 _c85878
_d85878